000 00601naa a22002177a 4500
001 72441
003 146594
005 20201118111029.0
008 ||||||n9999 ||| || ||
041 _aspa
100 _aSchearer, S. Bruce
245 0 _aFormacion de fundaciones autoctonas que apoyen a la sociedad civil :
_bpp.301-321
260 _aBogotá :
_bCivicus,
_c1998.
300 _app.301-321
562 _e0
650 _aAYUDA AL DESARROLLO
650 _aESTUDIO DE CASO
650 _aRECURSOS FINANCIEROS
773 _071707
_aSostenibilidad de la sociedad civil :
942 _cCHAP
999 _c72441
_d72441